Estatísticas para Ilhas do Açores em Mapa

Clique aqui para jogar o quiz

Estatísticas Gerais

  • Esse quiz foi jogado 33 vezes
  • A pontuação média é 8 de 9

Respostas no mapa

Respostas codificadas por cores de uma escala verde-vermelha no mapa do quiz de acordo com a % correta abaixo.
 

Estatísticas das Respostas

Ilha% Correto
Corvo
93%
Faial
93%
São Miguel
93%
Flores
90%
Pico
90%
Santa Maria
90%
Graciosa
87%
Terceira
87%
São Jorge
83%

Distribuição das Pontuações

Percentil de Números Respondidos

Porcentagem de Pessoas com Cada Pontuação

Sua Pontuação Histórica

Você não jogou esse quiz